000 00280nam a22001337a 4500
008 170302b xxu||||| |||| 00| 0 eng d
020 _a0716706849
041 _aeng
080 _a575
100 _a6
101 _aSHM
245 _aMOLECUAR GENETCS
_cKENNEDY, D
942 _2udc
_cBK
999 _c6624
_d6624